La seiche the cuttlefish (Record no. 32650)

000 -Cabeçalho do registo
Cabeçalho 00934nam 22002533 4500
001 - Identificador do registo
Campo de controlo 32650
010 ## - Número internacional normalizado dos livros (ISBN)
Número (ISBN) 2-905461-55-1
100 ## - Dados gerais de processamento
Dados gerais de processamento 20260327d1989 u||y0engy50 ba
101 ## - Língua de publicação
Língua do texto, banda sonora, etc. Inglês
102 ## - Pais de publicação ou produção
País de publicação França
200 ## - Titulo e menção de responsabilidade
Título próprio La seiche the cuttlefish
Primeira menção de responsabilidade Eve Boucaud-Camou
Outras menções de responsabilidade Université de Caen
210 ## - Publicação, Distribuição, etc.
Lugar da edição, distribuição, etc. França
Nome do editor, distribuidor, etc. centre de Publications de l'Université de Caen
Data da publicação, distribuição, etc. 1991
215 ## - Descrição física
Indicação específica da natureza do documento e extensão da espécie 358 p.
Outras indicações físicas il.
Dimensões 25 cm
606 ## - Nome comum usado como assunto
Palavra de ordem Biologie
Subdivisão de assunto sciences de la vie
700 ## - Nome de autor-pessoa física (responsabilidade principal)
Palavra de ordem Boucaud-Camou
Outra parte do nome não tomada para palavra de ordem Eve
701 ## - Nome de autor-pessoa física (co-responsabilidade principal)
Palavra de ordem Boulet
Outra parte do nome não tomada para palavra de ordem Paul
702 ## - Nome de autor-pessoa física (responsabilidade secundária)
Outra parte do nome não tomada para palavra de ordem Boletzky
710 ## - Nome de colectividade-autor (responsabilidade principal)
Palavra de ordem Institut de biochimie et de biologie appliquée Université de Caen
711 ## - Nome de colectividade-autor (co-responsabilidade principal)
Palavra de ordem Ministère de la recherche et de la technologie
712 ## - Nome de colectividade-autor (responsabilidade secundária)
Palavra de ordem Institut francais pour la recherce et l'Exploitation de la mer (SMEL)
Palavra de ordem Ministère Géneral du Calvados
Palavra de ordem Ville de CAEN
Palavra de ordem Crédit Maritime
Holdings
Situação do extravio Data de aquisição Número de registo Biblioteca de aquisição Biblioteca de empréstimo Cota Fim da data de empréstimo Permissão de empréstimo Tipo de documento Forma de aquisição
  2026-03-27 11635 Biblioteca de Algés Biblioteca de Algés 11635 2026-03-27 Emprestado Monografias Oferta

Powered by Koha